01263nam a2200241 a 4500008004100000020001500041050001600056100001900072245009000091246008600181260002800267300002100295350000900316650003300325650001400358700002000372710004000392995015100432995015100583999001700734952013500751952013500886120416s1979 ||||||||||||||||| || u a0333217055 aHG 3821 Int aMartin, John P10aTrade and payments adjustment under flexible exchange ratescedited by John P. Martin apapers of the second annual conference of the International Economics Study Group aLondonbMacmillanc1979 axix, 250p. : ill a0.00 aFOREIGN EXCHANGE--CONGRESSES 0aECONOMICS aSmith, Alasdair aInternational Economics Study Group aMAIN LIBRARY OPEN ACCESSD0.00e722587FCBU-MAIN LIBRARY (Kitwe)H1I35.00jHG 3821 IntM1UAVAILABLEy007742ZMain Library Open Access Collection aMAIN LIBRARY OPEN ACCESSD0.00e722588FCBU-MAIN LIBRARY (Kitwe)H2I35.00jHG 3821 IntM2UAVAILABLEy007743ZMain Library Open Access Collection c81382d81382 00102lcc4070a001b001cMain Library Open Access Collectiond2023-08-18l0oHG 3821 Intp007742r2023-08-18t1w2023-08-18y002 00102lcc4070a001b001cMain Library Open Access Collectiond2023-08-18l0oHG 3821 Intp007743r2023-08-18t2w2023-08-18y002